Somos una fuerza que tiene la razón /
Salvato in:
| Enti autori: | , |
|---|---|
| Natura: | testo |
| Pubblicazione: |
San José :
|
| Tags: |
Aggiungi Tag
Nessun Tag, puoi essere il primo ad aggiungerne!!
|
MARC
| LEADER | 00000 a a2200000 04500 | ||
|---|---|---|---|
| 001 | 14217 | ||
| 003 | |||
| 040 | |||
| 090 | |a EXTRAVIADO | ||
| 110 | |a Asociación Nacional de Empleados Públicos | ||
| 245 | |a Somos una fuerza que tiene la razón / |c Asociación Nacional de Empleados Públicos | ||
| 260 | |a San José : | ||
| 300 | |a 1 p | ||
| 710 | |a Coordinadora Sindical del Sector Público | ||
| 999 | |c 6154 |d 6154 | ||
